000 00619nam a2200253Ia 4500
003 OSt
005 20221007104719.0
006 a|||||r|||| 00| 0
007 ta
008 221006b |||||||| |||| 00| 0 eng d
024 _a16,607
037 _cTextual
040 _aLCO
_cLCO
_beng
041 _2eng
_aeng
082 _aZ2,5, K7
100 _aRao S.Venugopal
245 0 _aFacets of Crimes in India
250 _a2nd
260 _aBombay
_bAllied Publishers India
_c1967
300 _a275
650 _aCRIME
942 _hZ2,5, K7
_cTEXL
999 _c1186170
_d1186170